000 00358nam a2200145Ia 4500
008 260330s9999 xx 000 0 und d
020 _a9.7893526202e+012
082 _a658.4
_bASW/O
100 _aAswathappa, K.
245 0 _aOrganizational Behaviour
250 _a14th
260 _aNew Delhi
_bHimalaya Pub. House
_c2025
300 _a811p.
942 _cBK
999 _c53636
_d53636